Normal view
MARC view
- O'Shaughnessy, J.
Entry Personal Name
001 - CONTROL NUMBER
- control field: 42800
003 - CONTROL NUMBER IDENTIFIER
- control field: OSt
005 - DATE AND TIME OF LATEST TRANSACTION
- control field: 20210125105340.0
008 - FIXED-LENGTH DATA ELEMENTS
- fixed length control field: 210125|| aca||aabn | a|a d
040 ## - CATALOGING SOURCE
- Original cataloging agency: OSt
- Transcribing agency: OSt
100 ## - HEADING--PERSONAL NAME
- Personal name: O'Shaughnessy, J.
- Relator term: Author.
670 ## - SOURCE DATA FOUND
- Source citation: Work cat.: (OSt): Rashty, Josef 42798, Stock compensation under U.S. GAAP and IFRS: , ©2012.
